000 ncm a22 a 4500
999 _c353367
_d353367
003 BLK
005 20201007040716.0
008 200408b bu ||||| |||| 00| 0 bu d
040 _aBLK
041 _aRUS
_cRUS
080 _aКонцерти, инструментални
_b785.6
_z785.6:788.43:787.1/.4
100 _aГлазунов, Александър Константинович
_eпърви автор
_91299
139 _aГлазунов, Александър Константинович
_bГ 53
245 _aКонцерт для для саксофона и струнного оркестра Соч. 109
_bПерелож. для саксофона ифортепьяно
260 _9402764
_aМосква
_bМузыка
_c1968
300 _a35 с.
_c28 см
_eщим 11 с
380 _a7
650 0 _9404469
_aСаксофон
650 0 _9404472
_aОркестър, струнен
653 7 _9195989
_aсаксофон
852 _aЦб М ІІ 5505
_bИП
942 _2udc
_cNOT
_n0
_s1
944 _aCR
_c2020-04-10
_kВалентина Караджова
999 _d353367
999 _d353367
999 _d353367